1535 1439 1276 1045 1824 1118 1468 1881 1238 1913 1171 1352 1365 1322 1114 1702 1454 1791 1562 1641 1930 1605 1696 1113 1064 1236 1542 1395 1787 1035 1426 1550 1879 1612 1176 1826 1011 1504 1916 1641 1645 1215 1466 1094 1328 1153 1868 1635 1044 1186 1499 1327 1441 1218 1450 1336 1737 1281 1161 1455 1507 1244 1312 1120 1125 1577 1318 1136 1736 1116 1213 1280 1004 1152 1939 1655 1216 1820 1778 1885 1247 1529 1366 1326 1018 1288 1896 1182 1131 1065 1942 1515 1620 1687 1275 1301 1032 1087 1495 BCNSPRNW ULIB Ver.6.0+V

เปลี่ยนเป็นภาษาไทย

Change to English
 แสดงรายละเอียดบรรณานุกรม
  กลับหน้าหลัก

Brief Record : Get Marc (ISO 2709) : E-mail record : QR code < ปิดหน้าต่าง
LEADER : 00000nam 2200000uu 4500
001    13399113776
003     ULIB
008    111227s2553||||th 000 0 tha d
020    ^a9786167123264
090    ^aนว.^bช149จ 2553
100 0  ^aชนาพร
245 00 ^aเจ้าพ่อกำมะลอ/^cชนาพร
250    ^aพิมพ์ครั้งที่ 1
260    ^aกรุงเทพฯ :^bกรีนมายด์ บุ๊คส์,^c2553
300    ^a314 หน้า
710 1  ^aกรีนมายด์ บุ๊คส์
945    ^p229^l0^i16997
995    ^aกัณชพร
999    ^aใช้งานได้ทุกระบบ
รายการนี้ยังไม่มีแท็ก
คุณยังไม่ได้ล็อกอิน คุณสามารถมีกิจกรรมร่วมกับเว็บไซต์ได้ แต่ต้องล็อกอินก่อน ::
  ล็อกอิน

รายการสื่อสารสนเทศ

ลำดับที่ ประเภท เลขเรียก/บาร์โค้ด สถานที่ สถานะ
1. นวนิยาย
นวนิยาย
นว. ช149จ 2553  
  Barcode: 16997
ห้องสมุดวิทยาเขตสวรรค์ประชารักษ์
►นวนิยาย
บนชั้น
  ขอยืม

รายการใกล้เคียง
    ผู้แต่ง [ชนาพร]

BibComment


ยังไม่เคยถูกคอมเมนท์

คอมเมนท์ทรัพยากรรายการนี้
  คอมเมนท์: เจ้าพ่อกำมะลอ ชน..


 Copyright 2026. Bcnsprnw @Library